000 00457cam a2200145 4500500
005 20251012023105.0
041 _afre
042 _adc
100 1 0 _aJamme, Claire
_eauthor
245 0 0 _aActualité scientifique méditerrannéenne et occitane
260 _c2005.
500 _a67
786 0 _nPsy Cause | º39 | 1 | 2005-01-01 | p. 43-50 | 1245-2394
856 4 1 _uhttps://shs.cairn.info/revue-psy-cause-2005-1-page-43?lang=fr&redirect-ssocas=7080
999 _c1541187
_d1541187